Statistics for African Countries with the Most Christians

Click here to take the quiz!

General Stats

  • This quiz has been taken 13,036 times
    (13,000 since last reset)
  • The average score is 8 of 10

Answer Stats

# Country % % Correct
45.3 milSouth Africa79.8
98%
93.5 milNigeria49
92%
74.8 milD.R. Congo92
86%
42.3 milKenya85.1
85%
67.2 milEthiopia64
83%
35.2 milTanzania61.4
75%
22.3 milAngola75
67%
16.6 milMozambique56
65%
38.0 milUganda88.6
64%
20.5 milGhana71.2
58%

Score Distribution

Percentile by Number Answered

Percent of People with Each Score

Your Score History

You have not taken this quiz since the last reset